000 00462nam a22001697a 4500
005 20251108170754.0
008 250721s1998 xx 000 0 ara d
082 1 4 _a811.9611/عدن
100 1 _aعدنان، رسول
245 1 0 _aميتافيزيقيا الآلهة لماينرو /
264 _bدار نقوش عربية،
_c1998.
300 _a88ص
650 1 7 _aالشعر العربي
650 1 7 _aتونس
942 _2ddc
_cBK
999 _c48609
_d48609